Statistics for PR15-阪神電気鉄道の駅

Click here to take the quiz!

General Stats

  • This quiz has been taken 283 times
  • The average score is 43 of 55

Answer Stats

本線% Correct
尼崎
99%
尼崎
99%
神戸三宮
99%
大阪梅田
98%
武庫川
98%
武庫川
98%
甲子園
96%
西宮
95%
高速神戸
95%
西九条
94%
芦屋
94%
新開地
93%
大阪難波
93%
福島
93%
元町
92%
元町
92%
野田
91%
魚崎
89%
大物
89%
大物
89%
武庫川団地前
88%
尼崎センタープール前
87%
桜川
87%
ドーム前
86%
御影
84%
春日野道
82%
九条
81%
今津
81%
西元町
81%
西代
79%
78%
高速長田
77%
住吉
74%
青木
73%
大開
72%
石屋川
72%
淀川
70%
鳴尾・武庫川女子大前
69%
香櫨園
69%
千船
68%
西灘
68%
伝法
67%
杭瀬
61%
千鳥橋
61%
姫島
61%
岩屋
60%
出屋敷
60%
大石
59%
新在家
59%
出来島
58%
洲先
56%
東鳴尾
56%
打出
56%
深江
55%
久寿川
55%

Score Distribution

Percentile by Number Answered

Percent of People with Each Score

Your Score History

You have not taken this quiz